[Event "FISU World University-ch 2020-KO"]
[Site "Online"]
[Date "2020.10.26"]
[Round "2"]
[White "Roshka, Yevgeniy"]
[Black "Nenezic, Marko"]
[Result "1-0"]
[WhiteElo "2476"]
[BlackElo "2528"]
[Annotator "TA"]
[PlyCount "119"]
[EventDate "2020.10.26"]
[EventType "team-tourn"]
[SourceTitle "playchess.com"]
[Source "ChessBase"]
[SourceQuality "1"]

{[%evp 11,119,35,36,40,47,58,46,53,37,23,25,17,25,34,34,20,72,0,0,-29,-29,-61,58,89,196,-66,73,49,43,55,110,116,115,154,120,123,317,309,300,272,267,294,309,177,170,138,138,138,139,139,139,147,179,141,137,0,0,0,0,-706,0,0,0,0,35,0,58,0,8,0,0,0,59,0,77,77,77,77,77,77,77,8,8,0,8,8,11,11,11,11,11,11,11,0,0,0,11,11,11,11,11,11,1744,1676,1078,620,29969,12839,29943,6099]} 1. d4 Nf6 2. c4 g6 3. Nc3 Bg7 4. e4 d6 5. Nge2 O-O 6. Ng3 a6 7. Be2 {E70: King's Indian: Miscellaneous lines with 4 e4, including 5 Nge2 and 5 Bd3 0-0 6 Nge2.} c5 8. d5 b5 9. cxb5 {White is slightly better.} h5 10. O-O h4 11. Nh1 $1 axb5 12. Bxb5 {[#]} Qb6 $146 {Threatening ...Nxe4!} ({Predecessor:} 12... h3 13. g3 Ng4 14. Be2 f5 15. exf5 gxf5 16. Re1 Nd7 17. Bf1 c4 18. Bxh3 Nge5 {½-½ (42) Rawlings,A (2369)-Zemlyanov,S (2384) ICCF email 2015}) 13. a4 Na6 (13... h3 $11 {remains equal.}) 14. Be3 (14. f3 $16) 14... h3 15. g3 Ng4 16. Bg5 Bf6 (16... c4 $15) 17. Bxf6 $14 exf6 (17... Nxf6 $16 18. f3 Nc7) 18. Qe2 $2 (18. a5 $18 Qb8 19. Be2) 18... Nc7 (18... c4 $1 $15 {keeps the upper hand.} 19. Nd1 (19. Bxc4 $2 Ne5 $19) 19... Nc7) 19. f3 c4+ 20. Nf2 Nxb5 (20... Ne5 $1 $14) 21. axb5 $16 Rxa1 22. Rxa1 Ne5 23. Kf1 $1 g5 $2 (23... Qc5 $16 24. f4 Nd3) 24. f4 $18 Ng6 25. f5 (25. Qxc4 gxf4 26. Na4 Qb8 $16) 25... Ne5 26. Nxh3 Bd7 27. Ra6 (27. Qf2 $142 Qb8 28. b6) 27... Qc5 28. Nf2 Bxb5 29. Ra5 Rb8 30. Ng4 ({Much less strong is} 30. Rxb5 $6 Rxb5 31. Nxb5 Qxb5 $14) 30... Nxg4 31. Qxg4 Qe3 32. Qe2 (32. Nxb5 Qc1+ 33. Ke2 Qxb2+ 34. Kf1 Qc1+ 35. Kf2 Qd2+ 36. Qe2 Qxa5 $19) 32... Qc1+ 33. Kg2 ({White has to play} 33. Qe1 $1 $16 {[%cal Re1c1]} Qxb2 34. Ra2 (34. Rxb5 $2 Rxb5 35. Nxb5 Qxb5 $19)) 33... Bd7 $11 34. Ra2 Kf8 35. Qxc4 $2 {[%mdl 8192] [#]} (35. h3 $11) 35... Rxb2+ $2 ({Black should play} 35... Bb5 $1 $19 {[%cal Rb5c4][%mdl 512]} 36. Qxb5 (36. Nxb5 Qxc4) 36... Rxb5 37. Nxb5 Qc2+ {[%mdl 64] Double Attack} 38. Kf3 Qd3+ 39. Kf2 Qxb5) 36. Rxb2 Qxb2+ 37. Kh3 Qc1 38. Qd3 (38. Qd4 $5 {[%cal Rd4f6]} Kg7 39. Kg4 $16) 38... Bc8 (38... Qg1 $11) 39. Kg2 (39. Kg4 $14) 39... Qa1 {White must now prevent ...Ba6.} 40. Qc2 Ba6 {[%csl Ga6][%cal Ra1f1]} 41. Nd1 Kg7 (41... Qd4 $11 42. Nf2 Qe3) 42. h4 (42. Qd2 $1 $14) 42... Bb5 (42... Qd4 $11 43. Nf2 gxh4) 43. hxg5 $16 fxg5 44. Qc3+ Qxc3 45. Nxc3 {[%mdl 4096] Endgame KB-KN} Ba6 46. e5 ({White should try} 46. Kf2 $16) 46... dxe5 $11 47. Kf3 Bd3 48. g4 {next d6 is good for White.} f6 49. Ke3 Bc4 50. d6 {Threatening mate with d7.} Kf7 51. Ne4 {Threatens to win with d7.} Bb5 52. Nc5 Ke8 53. Ne4 Kf7 54. Ng3 Ba4 55. Nh5 Bb5 56. Kd2 Bd7 $2 {[%mdl 8192]} (56... Bc6 $11) 57. Kc3 $18 Ba4 58. Kc4 Bd7 59. Kc5 (59. Kd5 $142 e4 {[%mdl 64] Decoy} 60. Kxe4 Bc6+ 61. Kd4 Bf3 62. d7 Ke7 {[#]} 63. Nxf6 $1 {[%mdl 512]} Bc6 64. Ke5) 59... Ba4 60. Ng3 {Av CentiPawn Loss W=-78/B=-77. Weighted=-97/-79} 1-0

[Event "FISU World University-ch 2020-KO"]
[Site "Online"]
[Date "2020.10.26"]
[Round "2"]
[White "Zajic, Milan"]
[Black "Bakhmatsky, Vladislav"]
[Result "1/2-1/2"]
[WhiteElo "2467"]
[BlackElo "2438"]
[Annotator "TA"]
[PlyCount "75"]
[EventDate "2020.10.26"]
[EventType "team-tourn"]
[SourceTitle "playchess.com"]
[Source "ChessBase"]
[SourceQuality "1"]

{[%evp 14,75,0,0,2,-9,0,0,22,0,16,0,0,0,41,31,31,-8,0,0,0,0,12,-54,-48,-89,-87,-113,-86,-86,-62,-64,-43,-82,-57,-59,-62,-66,-44,-46,-42,-62,-43,-44,-39,-85,-50,-70,-70,-69,-66,-82,-74,-76,-74,-78,-55,-74,-74,-74,-74,-74,-74,-85]} 1. Nf3 Nf6 2. d4 g6 3. Bf4 Bg7 4. c3 O-O 5. h3 d6 6. e3 b6 7. Be2 Bb7 8. O-O Nbd7 {A48: 1 d4 Nf6 2 Nf3 g6: Torre, London and Colle Systems.} 9. Bh2 Ne4 10. Nbd2 e5 {The position is equal.} 11. a4 a6 12. Re1 Nxd2 13. Nxd2 f5 {[#]} 14. Qb3+ $146 ({Predecessor:} 14. Bf3 e4 15. Be2 g5 16. f4 h6 17. a5 b5 18. c4 c5 19. dxc5 Nxc5 20. Ra2 {0-1 (35) Lang,A (2068)-Henderson de la Fuente,L (2362) Bad Wiessee 2016}) 14... Kh8 15. dxe5 dxe5 16. Rad1 Qe7 17. Qb4 Rfe8 18. Nc4 (18. Qxe7 $11 Rxe7 19. a5) 18... a5 $36 {[%mdl 2048] Black has the initiative.} 19. Qa3 Nc5 20. Bf1 Bc6 21. b3 Ne4 22. Qb2 Rad8 23. Qc2 Nc5 24. Rxd8 Rxd8 25. Rd1 Be4 26. Rxd8+ Qxd8 27. Qd2 Qxd2 28. Nxd2 Bd5 29. c4 Bc6 30. f3 Kg8 31. Kf2 Kf7 32. Ke2 Ke6 33. Kd1 Bf8 34. Kc2 Nd7 35. Bd3 Bc5 {Black is better.} 36. Nf1 Bb4 37. Be2 Nc5 38. Bg3 {Av CentiPawn Loss W=-14/B=-11. Weighted=-14/-10} 1/2-1/2

[Event "FISU World University-ch 2020-KO"]
[Site "Online"]
[Date "2020.10.26"]
[Round "2"]
[White "Osmak, Iulija"]
[Black "Radovanovic, Mihajlo"]
[Result "0-1"]
[WhiteElo "2438"]
[BlackElo "2457"]
[Annotator "TA"]
[PlyCount "120"]
[EventDate "2020.10.26"]
[EventType "team-tourn"]
[SourceTitle "playchess.com"]
[Source "ChessBase"]
[SourceQuality "1"]

{[%evp 15,120,37,45,33,26,37,41,44,47,35,74,66,63,68,93,52,91,80,92,97,97,97,105,105,105,104,104,104,104,97,97,96,143,100,95,75,72,0,0,0,0,0,0,0,0,0,0,0,0,0,-16,-36,0,-30,0,0,8,0,0,6,157,0,151,0,0,0,18,24,0,-254,-197,-507,-483,-731,-735,-718,-717,-688,-645,-714,-629,-932,-878,-1050,-966,-1383,-1332,-1746,-900,-29972,-29974,-29974,-6230,-29964,-5489,-29976,-29977,-6741,-5828,-29982,-29983,-29983,-29984,-29984,-29985,-29985,-29985]} 1. d4 d6 2. e4 Nf6 3. Nc3 e5 4. Nf3 Nbd7 5. Bc4 Be7 6. a4 O-O 7. O-O c6 8. h3 h6 9. Ba2 {C41: Philidor Defence.} Re8 10. Re1 Qc7 11. Be3 {White is slightly better.} Nf8 12. d5 c5 {[#]} 13. Nd2 $146 ({Predecessor:} 13. Bc4 g5 14. Nh2 Ng6 15. Be2 Kg7 16. Ng4 Nh7 17. Bd2 f5 18. exf5 Bxf5 19. Ne3 {½-½ (36) Gumularz,S (1920)-Calin,A (1863) Malenovice 2013}) 13... a6 14. Bc4 N6h7 15. Bd3 Bg5 16. a5 Ng6 17. Nc4 Qe7 18. Na4 Bf4 19. Nab6 Rb8 20. Nxc8 Rbxc8 21. g3 Bxe3 22. Rxe3 Rcd8 23. Ra3 {[%cal Ba1a3,Ba3b3,Bb3b6][%mdl 32]} Qg5 24. Kh2 Ne7 25. Rf3 Qh5 26. g4 (26. Be2 $1 $16 {Threatens to win with Rf5.} Ng5 {[%mdl 64] Double Attack} 27. Rfe3 Qxh3+ 28. Kg1) 26... Qh4 $11 27. Rg3 Ng6 28. Rb3 Rd7 29. Rb6 Red8 30. Bf1 Nf4 31. Bg2 g6 32. Qe1 h5 33. Qe3 Nf6 34. gxh5 Qxh5 35. Bf3 Qh4 {...N4xd5! is the strong threat.} 36. Bg4 Nxg4+ 37. Rxg4 Qf6 $2 {[#]} (37... Qh6 $11) 38. Qg3 $2 (38. Nxe5 $1 $16 {[%mdl 512]} Qxe5 (38... dxe5 39. Rxf6) 39. Qxf4) 38... Kg7 $2 {[#]} ({Black should try} 38... Nh5 $11 39. Qh4 Qxh4 40. Rxh4 Nf4) 39. Qh4 $2 (39. Nxe5 $1 $16 {[%mdl 512]} Qxe5 (39... dxe5 40. Rxf6) 40. Rxf4) 39... Qxh4 40. Rxh4 f5 41. exf5 $1 gxf5 42. Ne3 $2 {[%mdl 8192]} (42. Rb3 $1 $11) 42... Kg6 43. c4 $2 (43. Rxf4 {is a better chance.} exf4 44. Ng2) 43... Kg5 $19 44. Kg3 (44. Nxf5 $142 Kxf5 45. f3) 44... Ne2+ 45. Kf3 Nd4+ 46. Rxd4 cxd4 {[%mdl 4096] Endgame KRR-KRN} (46... exd4 $2 47. Ng2 $19) 47. Ng2 Rc8 48. b3 Rc5 49. Kg3 Kf6 50. f4 e4 51. Ne1 d3 52. Kf2 d2 53. Ke2 dxe1=Q+ 54. Kxe1 Rxa5 55. b4 Ra2 56. c5 Ke7 57. c6 bxc6 {Black mates.} 58. dxc6 Rc7 59. Rb7 Kd8 60. Rb8+ Rc8 {Av CentiPawn Loss W=357/B=-70. Weighted=50/-60} 0-1

[Event "FISU World University-ch 2020-KO"]
[Site "Online"]
[Date "2020.10.26"]
[Round "2"]
[White "Nikitenko, Mihail"]
[Black "Serikbay, Assel"]
[Result "1-0"]
[WhiteElo "2436"]
[BlackElo "2247"]
[Annotator "TA"]
[PlyCount "103"]
[EventDate "2020.10.26"]
[EventType "team-tourn"]
[SourceTitle "playchess.com"]
[Source "ChessBase"]
[SourceQuality "1"]

{[%evp 9,103,42,48,20,51,25,26,21,32,2,31,24,25,10,6,0,5,0,0,8,18,0,2,0,0,-11,15,-45,-55,-39,-44,-58,91,-97,16,23,20,7,34,12,19,-18,-8,-40,-12,-54,-45,-51,-29,-37,-38,-144,210,52,52,52,50,48,41,0,0,0,0,0,0,0,0,0,134,-68,422,398,1017,585,852,855,817,806,792,759,820,814,29991,-7138,29992,29993,29993,29994,29994,29995,29995,29996,29996,29996,29998,496]} 1. e4 c5 2. Nc3 e6 3. Nge2 Nc6 4. g3 Nge7 5. Bg2 Nd4 6. O-O {B23: Closed Sicilian: Lines without g3.} (6. Nxd4 {is interesting.} cxd4 7. Ne2 e5 8. d3 d5 9. exd5 Nxd5 10. O-O) 6... g6 7. d3 Bg7 8. Bg5 {White has an edge.} h6 9. Be3 O-O 10. Qd2 Kh7 11. f4 d6 12. Nd1 Rb8 13. c3 Nxe2+ 14. Qxe2 b5 {[#]} 15. d4 $146 ({Predecessor:} 15. g4 f5 16. gxf5 exf5 17. e5 Bb7 18. Bxb7 Rxb7 19. Qf3 Rc7 20. d4 cxd4 21. cxd4 dxe5 22. dxe5 {½-½ (31) Guzik,J (2012)-Kupsik,J (1731) Jastrzebia Gora 2019}) 15... cxd4 16. cxd4 a5 17. Nf2 b4 18. h4 (18. Rfd1 $11) 18... Qb6 $15 19. Rfd1 Ba6 20. Qf3 Bb7 (20... d5 $1 $15) 21. h5 $2 {[#]} (21. d5 $16 Qc7 22. dxe6) 21... Qb5 (21... Nf5 $1 $17 {[%mdl 512]} 22. a3 (22. exf5 Bxf3) 22... Rbc8 23. axb4 axb4) 22. hxg6+ $11 fxg6 23. Qg4 Bc8 24. Bf1 Qb7 25. Qh4 d5 26. Bg2 Qd7 27. Qh2 dxe4 28. Nxe4 Nf5 29. Bf2 $1 Nxd4 30. Kh1 (30. Rac1 $1 $15) 30... Rd8 $2 {[%mdl 8192] [#]} (30... Rb5 $1 $17 {[%cal Rb5h5] and life is bright. White must now prevent ...Rh5.} 31. Bxd4 Bxd4) 31. Bxd4 $2 ({White should try} 31. Rxd4 $1 $18 {[%mdl 512]} Bxd4 32. Rd1) 31... Bxd4 $14 {[#]} 32. Nf6+ $1 {[%mdl 512]} Bxf6 33. Rxd7+ Rxd7 34. Qg1 Rb5 {Hoping for ...Rh5+.} 35. g4 Bxb2 36. Rd1 {Rxd7+ is the strong threat.} Rc7 37. Be4 {Strongly threatening Qh2.} Rbc5 38. Qe3 Rc3 (38... Rc4 $11 39. Kg1 Bf6) 39. Qd2 $2 (39. Qe2 $16 Bc1 40. Qb5) 39... Bc1 $2 {[%mdl 8192]} (39... Rd7 $15 {stays ahead.} 40. Qxd7+ Bxd7 41. Rxd7+ Kh8 42. Bxg6 Ra3 43. Rh7+ Kg8) 40. Qd8 $18 {White threatens Qe8 and mate.} Bxf4 $2 (40... R3c4 41. Rd4 Rxd4 42. Qxc7+ Bd7) 41. Qf6 {[%mdl 64] Double Attack} Rh3+ 42. Kg2 Rg3+ {[#]} 43. Kf2 $1 {[%mdl 512]} Rxg4 44. Rd8 {[%csl Gd8][%cal Rf6h8]} Bg3+ 45. Ke3 {[%csl Gd8][%cal Rf6h8]} Rc3+ {[#]} 46. Kd4 $4 {[%mdl 8192] [#]} (46. Bd3 $1 {[%mdl 512] was the only winning move.} Bf4+ 47. Kf2 Rg2+ {[%mdl 64] Decoy} 48. Kxg2 Bb7+ 49. Kf1 $1 {[%mdl 512]} Rc1+ 50. Ke2 $1 {[%mdl 512]} Rc2+ 51. Bxc2 Ba6+ 52. Kf2 $1 {[%mdl 512]} Be3+ 53. Kxe3 h5 54. Qxg6#) 46... e5+ $4 {[%mdl 8192]} (46... Rxe4+ $1 $19 47. Kxe4 Bb7+ 48. Rd5 Bxd5+ 49. Kd4 h5 50. Qf7+ Kh6 51. Qf8+ Kg5 52. Qe7+ Kg4) 47. Kd5 {[%csl Gd8][%cal Rf6h8] White mates.} Bb7+ 48. Ke6 {[%csl Gd8][%cal Rf6h8]} Bc8+ 49. Kd6 {[%csl Gd8][%cal Rf6h8]} Rd3+ 50. Bxd3 {[%csl Gd8][%cal Rf6h8]} Rd4+ {[#]} 51. Kc5 $1 {[%csl Gf6][%cal Rd3g6]} Rxd8 52. Bxg6+ {Av CentiPawn Loss W=-75/B=-94. Weighted=-64/-105} (52. Qxg6+ $142 Kh8 53. Qh7#) 1-0

[Event "FISU World University-ch 2020-KO"]
[Site "Online"]
[Date "2020.10.26"]
[Round "2"]
[White "Sargsyan, Anna M."]
[Black "Michelle Catherina, P."]
[Result "1/2-1/2"]
[WhiteElo "2402"]
[BlackElo "2176"]
[Annotator "TA"]
[PlyCount "130"]
[EventDate "2020.10.26"]
[EventType "team-tourn"]
[SourceTitle "playchess.com"]
[Source "ChessBase"]
[SourceQuality "1"]

{[%evp 11,130,16,36,-19,-15,-21,-19,-23,-33,-29,2,0,2,0,13,-13,-20,-16,0,-14,-22,-33,-14,-20,12,10,11,3,57,-40,-49,-37,-39,-132,-72,-102,-102,-131,-119,-132,-130,-130,-124,-152,-156,-181,-110,-148,-145,-174,-145,-131,-130,-128,-124,-121,-114,-99,-7,-8,-8,-8,-8,-8,-8,-8,-8,-8,-8,-8,-8,-15,-8,-8,-8,-8,0,0,0,0,0,-8,0,0,0,0,0,0,0,0,0,0,0,-7,0,0,0,0,0,0,0,0,0,0,0,0,0,0,0,0,0,0,0,0,0,0,0,0,0,0,0]} 1. d4 Nf6 2. c4 e6 3. Nf3 d5 4. Nc3 Bb4 5. Bg5 h6 6. Bh4 c5 7. Bxf6 {D38: Queen's Gambit Declined: Ragozin Defence (4 Nf3 Bb4).} (7. dxc5 $14 g5 8. Bg3) 7... Qxf6 $11 8. e3 O-O 9. cxd5 exd5 10. Be2 cxd4 {[#]} 11. Nxd4 $146 ({Predecessor:} 11. Qxd4 Qxd4 12. Nxd4 Nc6 13. O-O-O Be6 14. Nc2 Bxc3 15. bxc3 Rac8 16. Kb2 Ne5 17. f4 {0-1 (34) Mihajlov,S (2130)-Wichmann,C (2367) Bad Woerishofen 2014}) 11... Nc6 12. O-O Be6 13. Nxc6 bxc6 14. Rc1 Bd6 15. Bf3 Be5 (15... Rab8 {is more complex.} 16. Na4 Rfd8 17. b3 d4 18. exd4 Rb4) 16. Qd2 Rab8 17. b3 h5 18. Na4 h4 19. Rxc6 {aiming for Nc5.} h3 (19... Rfc8 $11 20. Rxc8+ (20. Bxd5 Rxc6 21. Bxc6 Bxb3 $14) 20... Rxc8) 20. Qe2 ({White should try} 20. Nc5 $14 hxg2 21. Bxg2) 20... hxg2 $40 {[%mdl 128] Black is up to no good.} 21. Bxg2 {And now f4 would win.} Rbc8 22. Rfc1 {[#]} (22. Rxc8 $15 Rxc8 23. f4) 22... d4 (22... Bg4 $142 $1 {[%cal Rg4e2][%mdl 512]} 23. Qa6 (23. Qxg4 Rxc6) 23... Rxc6 24. Qxc6 Rc8 25. Qxc8+ Bxc8 26. Rxc8+ Kh7) 23. Rxc8 Bxc8 24. Qf3 {[#]} Qh6 $1 {White must now prevent ...dxe3.} 25. h3 {[#]} dxe3 $1 26. fxe3 Bd4 27. Re1 Re8 28. Kh2 Bxe3 (28... Rxe3 $19 29. Rxe3 Bxe3) 29. Rf1 Be6 30. Nc3 Bd4 31. Ne2 Be5+ 32. Kh1 Rd8 33. Nf4 Bxf4 34. Qxf4 Bxh3 (34... Qxf4 $17 35. Rxf4 Rd1+ 36. Rf1 Rd2) 35. Qxh6 {The position is equal.} Bxg2+ 36. Kxg2 gxh6 $17 {[%mdl 4096] Endgame KR-KR} 37. Rf2 Rd3 38. Rb2 Kg7 39. a4 $1 a5 40. b4 axb4 41. Rxb4 h5 42. Rb8 Ra3 43. Ra8 h4 44. a5 Kg6 45. a6 Kf5 46. a7 f6 47. Kh2 h3 48. Kh1 Ra2 49. Kg1 Ra1+ 50. Kh2 Ra3 51. Kh1 Ra2 52. Kg1 Kf4 53. Rf8 Rxa7 {Threatens to win with ...f5.} (53... h2+ {looks sharper.} 54. Kh1 Rxa7 55. Rxf6+ Ke5 56. Rh6 Ra1+) 54. Rxf6+ Kg5 55. Rf8 Ra2 (55... h2+ $5 56. Kxh2 Kg4 $11) 56. Rg8+ Kf4 57. Rf8+ $1 Kg3 58. Rg8+ Kf3 59. Rf8+ Kg3 60. Rg8+ Kf3 61. Rf8+ Kg3 62. Rg8+ Kf3 63. Rf8+ Kg3 64. Rg8+ Kf3 {( -> ...Rg2+)} 65. Rf8+ Kg3 {And White is the lucky defender. Av CentiPawn Loss W=-8/B=-7. Weighted=-11/-11} 1/2-1/2

[Event "FISU World University-ch 2020-KO"]
[Site "Online"]
[Date "2020.10.26"]
[Round "2"]
[White "Velikic, Adela"]
[Black "Peng, Li Min"]
[Result "0-1"]
[WhiteElo "2259"]
[BlackElo "2431"]
[Annotator "TA"]
[PlyCount "148"]
[EventDate "2020.10.26"]
[EventType "team-tourn"]
[SourceTitle "playchess.com"]
[Source "ChessBase"]
[SourceQuality "1"]

{[%evp 18,148,62,55,56,53,67,68,79,64,74,72,72,75,74,59,63,55,83,29,74,68,69,47,67,70,78,50,62,51,75,43,48,44,60,64,84,78,64,38,40,31,52,52,58,54,68,51,60,39,73,18,18,18,19,3,23,0,91,0,0,0,6,0,0,0,0,0,0,0,0,0,0,0,0,0,0,0,0,0,0,0,16,16,16,16,1,0,0,0,0,0,0,0,0,0,0,0,0,0,0,-12,-12,-29973,-29974,-29984,-29985,-29973,-29974,-29974,-29975,-29991,-29976,-29976,-29977,-29977,-29978,-29978,-29979,-29979,-29980,-29980,-29980,-29980,-29981,-29981,-29982,-29982,-29983,-29983,-29984,-29983,-29983]} 1. d4 Nf6 2. Nf3 e6 3. c4 c5 4. d5 exd5 5. cxd5 g6 6. Nc3 d6 7. h3 Bg7 8. e4 O-O 9. Bd3 Re8 10. O-O $1 Nbd7 {A70: Modern Benoni: 6 e4 g6 7 Nf3.} 11. Re1 Ne5 12. Nxe5 Rxe5 {White is slightly better.} 13. Bf4 Nh5 14. Bxe5 Bxe5 15. Bf1 Qg5 16. Qf3 Nf4 {[#] Hoping for ...Nxh3+.} 17. Kh1 $1 {[#]} Bd7 $146 ({Predecessor:} 17... h5 18. Nd1 Bg4 19. Qe3 Qf6 20. a4 Re8 21. Ra3 Bd4 22. Qd2 Bxd1 23. Rxd1 Rxe4 {½-½ (41) Wang,H (2680)-Perunovic,M (2616) Calimanesti Caciulata 2016}) 18. Ne2 ({White should try} 18. a4 $16) 18... b5 19. Nxf4 Bxf4 20. Qe2 Be5 21. g3 Bd4 22. Rab1 a5 23. Kh2 a4 24. f4 Qe7 $1 25. Bg2 Re8 26. Rbd1 Qd8 27. Rxd4 cxd4 28. Qd3 Qb6 29. Rd1 Rc8 30. Qxd4 Qxd4 31. Rxd4 $14 {[%mdl 4096] Endgame KRB-KRB} f6 32. Rd2 Rc1 33. g4 Kg7 34. a3 (34. Kg3 $16) 34... g5 $11 35. Kg3 h6 36. Kf3 Kf7 37. Rf2 Ke7 (37... b4 $1 $11 {remains equal.} 38. e5 (38. axb4 Rc4 $11) 38... fxe5 39. fxe5 Ke7) 38. Ke3 ({Better is} 38. Bf1 $16) 38... b4 39. axb4 Rc4 40. fxg5 fxg5 41. Bf1 Rxb4 42. Rc2 Rb3+ 43. Kd4 Rf3 44. Bg2 Rb3 45. e5 Rb4+ 46. Kc3 Rb3+ 47. Kd4 Rb4+ 48. Kc3 Rb3+ 49. Kd4 Rb5 50. e6 {aiming for Rc7.} Be8 $1 51. Bf1 Rb4+ 52. Bc4 Bb5 $1 53. Kd3 {Threatens to win with Bxb5.} Rb3+ $1 54. Rc3 Rxb2 55. Bxb5 Rxb5 {KR-KR} 56. Rc7+ Kd8 $1 {[%cal Rd8c7]} 57. Rd7+ {[%mdl 64] [#] Double Attack} Ke8 58. Kc4 Rc5+ 59. Kd4 Ra5 {Strongly threatening ...a3.} 60. Rxd6 $2 {[%mdl 8192] Loses the game.} (60. Rb7 $11) 60... a3 {Black mates.} 61. Rb6 a2 62. Rb8+ Ke7 63. Rb7+ Kf6 64. Rf7+ Kg6 65. Rf1 a1=Q+ 66. Rxa1 Rxa1 {KR-KP} 67. Ke5 Re1+ 68. Kd6 Kf6 69. Kd7 Re5 70. Kd6 Re3 71. Kd7 Ra3 72. Kd6 Rxh3 73. Kd7 Ra3 74. Kd6 Ra5 {Av CentiPawn Loss W=-23/B=-6. Weighted=-29/-8} 0-1

[Event "FISU World University-ch 2020-KO"]
[Site "Online"]
[Date "2020.10.26"]
[Round "2"]
[White "Senthil, Maran K"]
[Black "Sargsyan, Shant"]
[Result "1/2-1/2"]
[WhiteElo "2246"]
[BlackElo "2596"]
[Annotator "TA"]
[PlyCount "177"]
[EventDate "2020.10.26"]
[EventType "team-tourn"]
[SourceTitle "playchess.com"]
[Source "ChessBase"]
[SourceQuality "1"]

{[%evp 15,177,-3,0,-10,5,-13,-13,-21,-26,-18,-6,-15,12,10,9,-23,-23,-23,-25,-33,-27,-29,-51,-29,0,0,0,0,0,0,0,0,0,0,0,0,0,0,0,0,0,0,0,-7,-7,-7,-7,-7,-7,-7,-7,-7,-7,-7,-7,-7,-7,-7,0,-7,-7,-7,-7,-7,-7,-7,-7,-7,-7,-7,-7,-7,-7,-7,0,-7,0,-8,0,0,0,-2,0,-118,-118,-199,-202,-202,-89,-91,0,-32,-32,-32,-32,-32,-19,-17,-8,-8,-8,-54,-58,-55,-52,-64,-63,-62,-62,-69,-8,-8,0,-8,-8,-8,-8,-8,0,-8,0,0,0,0,0,0,0,0,0,-8,0,0,0,0,0,0,0,0,0,0,0,0,0,0,0,0,0,0,0,0,0,0,0,0,0,0,0,0,0,-8,0,-8,-8,-8]} 1. d4 Nf6 2. c4 e6 3. g3 d5 4. Bg2 Bb4+ 5. Nd2 O-O 6. Qc2 b6 7. Ngf3 Bb7 8. O-O Nbd7 9. b3 {E16: Queen's Indian: 4 g3 Bb7 5 Bg2 Bb4+.} c5 {[#]} 10. a3 $146 ({Predecessor:} 10. e3 Rc8 11. Ne5 cxd4 12. exd4 Qc7 13. Ndf3 dxc4 14. bxc4 Bxf3 15. Bxf3 Nxe5 16. dxe5 Nd7 {0-1 (41) Castrillon Gomez,M (2191)-Hevia Alejano,C (2493) Bogota 2014}) 10... Bxd2 11. Bxd2 dxc4 12. Qxc4 Rc8 13. Rac1 cxd4 14. Qxd4 Rxc1 15. Rxc1 (15. Bxc1 {with more complications.} Bd5 16. b4 Qa8 17. Bb2 Rc8 18. Rd1) 15... Nc5 16. Qb2 Bxf3 17. Bxf3 Nxb3 $1 18. Qxb3 Qxd2 19. Rc7 Qa5 20. Qb4 Qxb4 21. axb4 $11 {[%mdl 4096] Endgame KRB-KRN} a5 22. bxa5 bxa5 23. Ra7 g5 24. Rxa5 h6 25. h3 Kg7 26. Ra7 Rd8 27. Kg2 h5 28. Ra5 Kg6 29. g4 h4 30. Ra7 Rd2 31. Rb7 Nd7 32. Rb5 Kf6 33. e3 Ne5 34. Be4 Nc4 35. Kg1 Ra2 (35... Nd6 $5 36. Rb4 $8 Ke5 $11) 36. Bc6 Rd2 37. Rb4 Nd6 38. Ra4 Rb2 39. Ra7 Rc2 40. Bf3 Nc4 41. Be4 Rc1+ 42. Kg2 Rc3 43. Bh7 Nd6 44. Rd7 Rc6 45. Bb1 Ke5 46. Kf3 Rc1 47. Bd3 f5 48. Rg7 Kf6 49. Rd7 {[#]} (49. Rg8 $11) 49... Nf7 $1 $17 {[%cal Rf7e5]} 50. Ke2 {[#]} (50. Kg2 $17 {was worth a try.}) 50... fxg4 $1 $19 51. hxg4 Ne5 (51... h3 $19 {Threatens to win with ...h2.} 52. Be4 Rg1) 52. Rh7 $17 Nxg4 ({Better is} 52... Ra1 $17 {...Ra2+ is the strong threat.} 53. Be4 Ra2+ 54. Ke1 Ra3 55. Rh6+ Ke7) 53. f4 (53. f3 $5 {[%cal Rf3g4]}) 53... Rg1 {Hoping for ...Rg3.} 54. Be4 Rg3 55. Bf3 Nh2 56. Be4 Rg4 57. Rh6+ Ke7 58. Bb7 gxf4 59. exf4 Rxf4 {aiming for ...Nf1.} 60. Bc8 e5 {White must now prevent ...Nf3.} 61. Re6+ $1 Kd8 62. Bb7 Ng4 (62... Rb4 $15 63. Bd5 Rb2+ 64. Ke1 Rb5) 63. Bf3 $11 {The position is equal.} Nh2 (63... Nf6 {looks sharper.} 64. Rxe5 h3 65. Ke3 Rh4 66. Kf2 h2) 64. Bd5 Nf1 65. Rxe5 Ng3+ 66. Ke3 Rf6 (66... Ra4 {seems wilder.} 67. Bg2 Kc7 68. Bh3 Kd6 69. Re6+ Kd5) 67. Rg5 Kd7 68. Bc4 Kd6 69. Bd3 Rf8 70. Rg4 Rh8 71. Kf3 Ke5 72. Kg2 Nh5 {And now ...Nf4+ would win.} 73. Re4+ Kf6 74. Rxh4 Kg5 75. Rd4 Nf4+ 76. Kf3 Rh3+ 77. Ke4 Rh1 78. Rd8 Re1+ 79. Kf3 Ne6 80. Rd5+ Kf6 81. Ra5 Nd4+ 82. Kf4 Ne6+ 83. Kf3 Rc1 84. Ke3 Nc5 85. Rb5 Re1+ 86. Kd2 Re5 87. Kc3 Nxd3 88. Rxe5 Nxe5 89. Kd4 {Av CentiPawn Loss W=-5/B=-5. Weighted=-5/-4} 1/2-1/2